1617 1983 1036 1326 1218 1863 1533 1686 1978 1204 1454 1788 1999 1501 1843 1910 1577 1984 1494 1288 1864 1258 1145 1340 1707 1630 1391 1181 1307 1889 1475 1610 1691 1665 1902 1899 1104 1161 1100 1373 1046 1968 1421 1827 1832 1878 1515 1358 1080 1392 1976 1747 1447 1329 1411 1354 1706 1896 1470 1855 1438 1609 1219 1159 1990 1281 1841 1044 1937 1834 1077 1805 1509 1910 1423 1281 1496 1814 1857 1014 1523 1812 1324 1651 1231 1609 1673 1091 1114 1161 1764 1398 1333 1975 1184 1037 1285 1071 1706 BCNSPRNW ULIB Ver.6.0+V

เปลี่ยนเป็นภาษาไทย

Change to English
 แสดงรายละเอียดบรรณานุกรม
  กลับหน้าหลัก

Brief Record : Get Marc (ISO 2709) : E-mail record : QR code < ปิดหน้าต่าง
LEADER : 00000nam 2200000uu 4500
001    13399123570
003     ULIB
008    141010s2550||||th 000 0 tha d
020    9789748072784
099    นว^bส988บ
100 0  โสภี พรรณราย
245 00 บุษบาเร่รัก^c โสภี พรรณราย
260    กรุงเทพ :^bbeauty,^c2550
945    ^p260^l0^i021033
999    ^aเกษร โพธิ์สุวรรณ
รายการนี้ยังไม่มีแท็ก
คุณยังไม่ได้ล็อกอิน คุณสามารถมีกิจกรรมร่วมกับเว็บไซต์ได้ แต่ต้องล็อกอินก่อน ::
  ล็อกอิน

รายการสื่อสารสนเทศ

ลำดับที่ ประเภท เลขเรียก/บาร์โค้ด สถานที่ สถานะ
1. นวนิยาย
นวนิยาย
นว ส988บ ฉ.1 
  Barcode: 021033
ห้องสมุดวิทยาเขตสวรรค์ประชารักษ์
►นวนิยาย
บนชั้น
  ขอยืม

รายการใกล้เคียง
    ผู้แต่ง [โสภี พรรณราย]

BibComment


ยังไม่เคยถูกคอมเมนท์

คอมเมนท์ทรัพยากรรายการนี้
  คอมเมนท์: บุษบาเร่รัก โสภี..


 Copyright 2026. Bcnsprnw @Library